Quick Pick: Animals Within Animals Quiz Stats

 Plays Quiz Updated Nov 28, 2018

Challenge
Share
Tweet
Embed
Score 0/10 Timer 00:30
2 Plays Today
% Correct
Cat
85.9%
Hog
85.8%
Rat
85%
Bull
83.6%
Horse
83.3%
Goose
81.9%
Ant
79.4%
Bat
76.9%
Bear
76.2%
Pig
71.5%

Today's Daily Dose

Missing Word
Britpop Albums

Word Ladder
Sing It!

On This Day
December 14th II

You're not logged in!

Compare scores with friends on all Sporcle quizzes.
OR
Log In

You Might Also Like...

Show Comments

Extras

Top Quizzes Today


Score Distribution

Your Account Isn't Verified!

In order to create a playlist on Sporcle, you need to verify the email address you used during registration. Go to your Sporcle Settings to finish the process.

Report this User

Report this user for behavior that violates our Community Guidelines.

Details: